Manualidades y artesanías para los pequeños : (Registro nro. 12314)

Detalles MARC
000 -LIDER
fixed length control field 01244nam a22002777a 4500
001 - NÚMERO DE CONTROL
Identificador de número de control 4587
003 - IDENTIFICACDOR DE NÚMERO DE CONTROL
control field DO-SdBPM
005 - DATE AND TIME OF LATEST TRANSACTION
control field 20250123094539.0
007 - CAMPOS FIJOS DE DESCRIPCIÓN FÍSICA
fixed length control field 4587
008 - ELEMENTOS DE LONGITUD FIJA
fixed length control field 161206b 2007 ck 00| 0 spa d
020 ## - ISBN
International Standard Book Number 9789974802766
040 ## - FUENTE DE CATALOGACIÓN
Agencia que crea de manera original el registro DO-SdBPM
Idioma de catalogación spa
Agencia que realiza la transcripción BPMSU
082 #4 - NÚMERO DE CLASIFICACIÓN DECIMAL DE DEWEY
Classification number 745.5
Item number C336m 2007
Edition number 22
245 00 - MENCIÓN DE TITULO
Título Manualidades y artesanías para los pequeños :
Subtítulo cascabeles /
Mención de responsabilidad diseño, producción y explicación de los trabajos Magda Acevedo ; ilustraciones especiales Diego Gelmetti.
260 ## - PUBLICACIÓN, DISTRIBUCIÓN, ETC. (PIE DE IMPRENTA)
Lugar de publicación, distribución, etc Uruguay :
Nombre del editor, distribuidor, etc. Arquetipo Grupo Editorial,
Fecha de publicación, distribución, etc 2007
300 ## - DESCRIPCIÓN FÍSICA
Extensión 2 v. :
Otros detalles físicos il. ;
Dimensiones 29 cm.
505 ## - NOTA DE CONTENIDO
Texto normalizado de contenido v. 1 : Con indicaciones paso a paso : Muñecas de lana ; Títeres divertidos ; Garda Útiles ; Portarretratos ; Llamador de ángeles ; Móviles mariposa ; Patalla para lámpara ; Velas de navidad ; v. 2: Con indicaciones paso a paso : Bolso con goma eva ; Máscaras ; Agenda ; Porta CD ; Frascos decorados ; Souvenirs ; Pecera multicolor ; Tarjetas<br/>
590 ## - NOTA LOCAL
Texto de la nota local Inventariado, 2025/VM
650 #4 - ENCABEZAMIENTO DE MATERIA--TEMÁTICO
Término temático o nombre geográfico como elemento de entrada Trabajos manuales (educación )
650 #4 - ENCABEZAMIENTO DE MATERIA--TEMÁTICO
Término temático o nombre geográfico como elemento de entrada Artesanías
650 #4 - ENCABEZAMIENTO DE MATERIA--TEMÁTICO
Término temático o nombre geográfico como elemento de entrada Trabajos en papel
650 #4 - ENCABEZAMIENTO DE MATERIA--TEMÁTICO
Término temático o nombre geográfico como elemento de entrada Máscaras
700 1# - ASIENTO SECUNDARIO -- NOMBRE PERSONAL
Nombre personal Acevedo, Magda.
Mención de responsabilidad producción
910 ## - VALIDACIÓN
Validación VMateo V. Control de calidad. BPMSU
942 ## - ADDED ENTRY ELEMENTS (KOHA)
Source of classification or shelving scheme Dewey Decimal Classification
Koha item type Libros
Existencias
Withdrawn status Lost status Source of classification or shelving scheme Damaged status Not for loan Collection code Home library Current library Date acquired Source of acquisition Total Checkouts Full call number Barcode Date last seen Copy number Price effective from Koha item type
    Dewey Decimal Classification     Colección Infantil General Biblioteca Pública Metropolitana Salomé Ureña Biblioteca Pública Metropolitana Salomé Ureña 12/06/2016 COMPRA   BPMSU CG 745.5 C336m 2007 BPMSU16120160 12/06/2016 v.1 12/06/2016 Libros
    Dewey Decimal Classification     Colección Infantil General Biblioteca Pública Metropolitana Salomé Ureña Biblioteca Pública Metropolitana Salomé Ureña 12/06/2016 COMPRA   BPMSU CG 745.5 C336m 2007 BPMSU16120161 12/06/2016 v.2 12/06/2016 Libros